[Event "POL-chT 2nd League"]
[Site "Jastrzebia Gora"]
[Date "2022.09.10"]
[Round "8.125"]
[White "Barczyk, Joanna"]
[Black "Sikorska, Dorota"]
[Result "0-1"]
[WhiteElo "1829"]
[BlackElo "1963"]
[PlyCount "88"]
[EventDate "2022.09.03"]
[EventType "team-swiss"]
[EventRounds "9"]
[EventCountry "POL"]
[SourceTitle "CBM 210 Extra"]
[Source "ChessBase"]
[SourceDate "2022.11.30"]
[SourceVersion "1"]
[SourceVersionDate "2022.11.30"]
[SourceQuality "1"]
[WhiteTeam "Krakow Cracovia"]
[BlackTeam "Zakrzewo Korona"]
[WhiteTeamCountry "POL"]
[BlackTeamCountry "POL"]

1. b3 d5 2. Bb2 Nc6 3. e3 Nf6 4. Nf3 Bg4 5. d4 e6 6. Bb5 a6 7. Bxc6+ bxc6 8. h3 Bh5 9. Nbd2 c5 10. Qc1 cxd4 11. exd4 Rc8 12. g4 Bg6 13. Ne5 c5 14. g5 Nd7 15. Nxg6 hxg6 16. Nf3 c4 17. c3 a5 18. h4 Be7 19. Kf1 Qb6 20. bxc4 Qa6 21. Kg2 Qxc4 22. Qf1 Qc6 23. Qe2 Bd6 24. Rac1 Nb6 25. Ne5 Qc7 26. Qb5+ Ke7 27. Rce1 Nc4 28. Nxc4 Qxc4 29. Qxc4 Rxc4 30. Re2 a4 31. Kf3 f6 32. Kg4 e5 33. f4 Kf7 34. fxe5 fxe5 35. h5 gxh5+ 36. Rxh5 Rb8 37. Rf2+ Kg6 38. Rh3 a3 39. Bc1 exd4 40. Rh6+ gxh6 41. Rf6+ Kg7 42. Rxd6 dxc3+ 43. Kh5 hxg5 44. Rxd5 g4 0-1

[Event "POL-chT 2nd League"]
[Site "Poronin"]
[Date "2020.09.12"]
[Round "8.11"]
[White "Sikorska, Dorota"]
[Black "Krzywnicka, Maria"]
[Result "1/2-1/2"]
[WhiteElo "1951"]
[BlackElo "1867"]
[PlyCount "131"]
[EventDate "2020.09.05"]
[EventType "team-swiss"]
[EventRounds "9"]
[EventCountry "POL"]
[SourceTitle "CBM 198 Extra"]
[Source "ChessBase"]
[SourceDate "2020.11.30"]
[SourceVersion "1"]
[SourceVersionDate "2020.11.30"]
[SourceQuality "1"]
[WhiteTeam "Zakrzewo Korona"]
[BlackTeam "Koszalin Hetman Politechnika"]
[WhiteTeamCountry "POL"]
[BlackTeamCountry "POL"]

1. e4 c5 2. Nc3 e6 3. g3 Nc6 4. d3 Nge7 5. Be3 b6 6. Bg2 d5 7. exd5 Nxd5 8. Nxd5 exd5 9. d4 Be6 10. Ne2 Rc8 11. c3 Be7 12. Nf4 cxd4 13. Bxd4 0-0 14. Be3 d4 15. Nxe6 fxe6 16. cxd4 Bb4+ 17. Kf1 Ne7 18. a3 Bd6 19. Qb3 Qd7 20. Bh3 Nf5 21. Ke2 a5 22. Rac1 a4 23. Qd3 Rb8 24. d5 e5 25. Bg2 Bc5 26. Ke1 Nd4 27. Rf1 Rbe8 28. Bxd4 Bxd4 29. Rc2 b5 30. Be4 h6 31. f3 Rb8 32. b4 axb3 33. Qxb3 Kh8 34. Ke2 Qh3 35. Ke1 Qd7 36. Rc6 Ra8 37. Qxb5 Qh3 38. Qd3 Qxh2 39. g4 Qb2 40. Qd2 Qxa3 41. Rxh6+ Kg8 42. Rc6 Qb3 43. Ke2 Ra2 44. Rc2 Ra3 45. Qd3 Qb4 46. Qd2 Re3+ 47. Qxe3 Bxe3 48. Kxe3 Qb6+ 49. Ke2 Qh6 50. Rc6 Qh2+ 51. Kd3 Ra8 52. Rfc1 Qf2 53. Rc8+ Rxc8 54. Rxc8+ Kf7 55. Rc4 Qf1+ 56. Kc3 Qe1+ 57. Kb3 Qe3+ 58. Ka4 Qa7+ 59. Kb4 Qb6+ 60. Ka3 Qe3+ 61. Ka4 Qa7+ 62. Kb3 Qe3+ 63. Rc3 Qb6+ 64. Kc4 Qd4+ 65. Kb3 Qb6+ 66. Kc4 1/2-1/2

[Event "POL-ch U26 (Women) rapid"]
[Site "Hucisko"]
[Date "2016.01.15"]
[Round "5"]
[White "Lach, Aleksandra"]
[Black "Sikorska, Dorota"]
[Result "1-0"]
[WhiteElo "2154"]
[BlackElo "1962"]
[PlyCount "83"]
[EventDate "2016.01.15"]
[EventType "swiss (rapid)"]
[EventRounds "9"]
[EventCountry "POL"]
[SourceTitle "CBM 170 Extra"]
[Source "ChessBase"]
[SourceDate "2016.02.25"]
[SourceVersion "1"]
[SourceVersionDate "2016.02.25"]
[SourceQuality "1"]

1. f4 d6 2. d4 Nd7 3. Nf3 c5 4. d5 e5 5. dxe6 fxe6 6. e4 Be7 7. a4 a6 8. a5 b5 9. axb6 Qxb6 10. Nc3 Ngf6 11. Bc4 Nf8 12. 0-0 Ng6 13. Ng5 e5 14. Nd5 Qd8 15. Nxf6+ Bxf6 16. Nf7 Qe7 17. Nxh8 Nxh8 18. f5 Bb7 19. Bd5 Nf7 20. c4 h6 21. b4 cxb4 22. Qa4+ Kf8 23. Qxb4 Bxd5 24. cxd5 Ng5 25. Re1 Qd7 26. Ba3 Be7 27. Rac1 Nf7 28. Rc6 Qa7+ 29. Qb6 Qd7 30. Qc7 Qxc7 31. Rxc7 Rb8 32. Ra7 Rb6 33. Rc1 Bd8 34. g3 Rb3 35. Rxa6 Re3 36. Bxd6+ Nxd6 37. Rxd6 Be7 38. Rc8+ Kf7 39. Rd7 Rxe4 40. d6 Rd4 41. Rxe7+ Kf6 42. Rf8+ 1-0

[Event "POL-chT 3rd League Wielkopolska 12/13"]
[Site "Poznan"]
[Date "2013.02.03"]
[Round "7.20"]
[White "Sikorska, Dorota"]
[Black "Piechota, Pawel"]
[Result "1-0"]
[WhiteElo "1952"]
[BlackElo "2070"]
[PlyCount "103"]
[EventDate "2012.11.25"]
[EventType "team-tourn"]
[EventRounds "11"]
[EventCountry "POL"]
[SourceTitle "EXT 2014"]
[Source "ChessBase"]
[SourceDate "2013.11.20"]
[SourceVersion "1"]
[SourceVersionDate "2013.11.20"]
[SourceQuality "1"]
[WhiteTeam "Poznan Lech"]
[BlackTeam "Szamotuly Baszta"]
[WhiteTeamCountry "POL"]
[BlackTeamCountry "POL"]

1. e4 d6 2. d4 e5 3. dxe5 dxe5 4. Qxd8+ Kxd8 5. Bc4 Be6 6. Bxe6 fxe6 7. Nc3 a6 8. Be3 Bb4 9. 0-0-0+ Ke7 10. Nge2 Nf6 11. f3 Nc6 12. a3 Bd6 13. Rd3 h6 14. Na4 Nd7 15. c4 b5 16. c5 bxa4 17. cxd6+ cxd6 18. Rhd1 Rhd8 19. Rxd6 Na5 20. R6d3 Nc4 21. Kb1 Rab8 22. Bc1 Rb7 23. Rc3 Rc8 24. Ka2 Ndb6 25. g4 Rc6 26. g5 hxg5 27. Bxg5+ Kf7 28. Rdc1 Rbc7 29. Bd8 Rb7 30. R1c2 Rd6 31. Bxb6 Nxb6 32. Rc5 Nd7 33. R5c4 Rdb6 34. Rxa4 Nc5 35. Rac4 Nd3 36. Rc7+ Rxc7 37. Rxc7+ Kf6 38. b4 Ne1 39. Rc3 Rd6 40. Kb3 Rd2 41. Nc1 Rxh2 42. Ka4 Rf2 43. Ka5 Nxf3 44. Kxa6 g5 45. b5 g4 46. b6 g3 47. b7 g2 48. Ne2 Rxe2 49. Rxf3+ Ke7 50. b8Q g1Q 51. Qf8+ Kd7 52. Rf7+ 1-0

[Event "BL 1112 (Women)"]
[Site "Germany"]
[Date "2012.02.11"]
[Round "8.4"]
[White "Schoene, Maria"]
[Black "Sikorska, Dorota"]
[Result "1-0"]
[WhiteElo "2186"]
[BlackElo "1957"]
[PlyCount "85"]
[EventDate "2011.10.29"]
[EventType "team-tourn"]
[EventRounds "11"]
[EventCountry "GER"]
[SourceTitle "EXT 2013"]
[Source "ChessBase"]
[SourceDate "2012.11.22"]
[SourceVersion "1"]
[SourceVersionDate "2012.11.22"]
[SourceQuality "1"]
[WhiteTeam "Bad Koenigshofen (W)"]
[BlackTeam "Guben (W)"]
[WhiteTeamCountry "GER"]
[BlackTeamCountry "GER"]

1. e4 e6 2. d4 d5 3. Nc3 Bb4 4. e5 c5 5. a3 Bxc3+ 6. bxc3 Qc7 7. Nf3 Nc6 8. h4 Nge7 9. h5 h6 10. Be2 Bd7 11. 0-0 cxd4 12. cxd4 f5 13. c4 0-0 14. a4 a5 15. Ba3 Nb4 16. Qb3 Nec6 17. cxd5 exd5 18. Bxb4 Nxb4 19. Nh4 Be8 20. Bf3 Rd8 21. Rac1 Qe7 22. Ng6 Bxg6 23. hxg6 Qd7 24. Rfe1 Rfe8 25. Rc3 Re6 26. Bh5 Rc8 27. Rxc8+ Qxc8 28. Qf3 Re7 29. g4 f4 30. Rf1 Qf8 31. Rc1 Qd8 32. Rc3 Rc7 33. Rxc7 Qxc7 34. Qxf4 Nd3 35. Qf5 Qc1+ 36. Kg2 Ne1+ 37. Kh2 Qc7 38. Qe6+ Kf8 39. g5 hxg5 40. Qxd5 Nc2 41. Be2 Nb4 42. Qf3+ Kg8 43. Qh3 1-0

[Event "POL-chT3 Wielkopolska 1112"]
[Site "Poland"]
[Date "2012.??.??"]
[Round "8.24"]
[White "Sikorska, Dorota"]
[Black "Kupsik, Joanna"]
[Result "1-0"]
[WhiteElo "1957"]
[BlackElo "1696"]
[PlyCount "137"]
[EventDate "2011.11.27"]
[EventType "team-tourn"]
[EventRounds "11"]
[EventCountry "POL"]
[SourceTitle "EXT 2014"]
[Source "ChessBase"]
[SourceDate "2013.11.20"]
[SourceVersion "1"]
[SourceVersionDate "2013.11.20"]
[SourceQuality "1"]
[WhiteTeam "Poznan Lech"]
[BlackTeam "Steszew Lipno"]
[WhiteTeamCountry "POL"]
[BlackTeamCountry "POL"]

1. e4 e5 2. Nf3 Nc6 3. Bc4 Bc5 4. 0-0 Nf6 5. d3 0-0 6. c3 d6 7. Bb3 Bb6 8. h3 h6 9. Nbd2 Be6 10. Bc2 Ne7 11. Re1 Ng6 12. Nf1 Qc8 13. Ng3 Bxh3 14. gxh3 Qxh3 15. d4 Ng4 16. Nf1 c5 17. Bd3 cxd4 18. c4 Bd8 19. Ng3 Nf6 20. Bf1 Qd7 21. Qd3 Rc8 22. b3 Nh7 23. Nf5 Qc7 24. Bd2 Ne7 25. N3h4 Ng6 26. Qg3 Bxh4 27. Nxh4 Nxh4 28. Qxh4 Rcd8 29. Bh3 Rfe8 30. Kh2 Qe7 31. Qg3 Qf6 32. Rg1 Kh8 33. Rg2 Rg8 34. Rag1 Nf8 35. Kh1 Ng6 36. Bf5 Qh4+ 37. Rh2 Qxg3 38. Rxg3 Kh7 39. Rhg2 b6 40. Bb4 Kh8 41. Bxg6 fxg6 42. Rxg6 Rd7 43. f3 Rgd8 44. Kg1 Kg8 45. Rxh6 Kf7 46. Rhg6 Kf8 47. R2g5 a6 48. Rxe5 Kf7 49. Ree6 a5 50. Ba3 d3 51. Kf2 Rh8 52. Rxd6 Rxd6 53. Rxd6 Rh2+ 54. Ke3 Rxa2 55. Bc1 Ra1 56. Bd2 a4 57. bxa4 Rxa4 58. Rxb6 Rxc4 59. Kxd3 Rc7 60. f4 Rd7+ 61. Ke3 g6 62. Bc3 Rc7 63. Be5 Ra7 64. Rf6+ Ke8 65. Rxg6 Ra3+ 66. Kd4 Ra4+ 67. Kd5 Ra5+ 68. Ke6 Ra6+ 69. Bd6 1-0

[Event "BL 1011 (Women)"]
[Site "Germany"]
[Date "2011.03.12"]
[Round "10.6"]
[White "Sikorska, Dorota"]
[Black "Kubikova, Hana"]
[Result "0-1"]
[WhiteElo "1929"]
[BlackElo "2139"]
[PlyCount "88"]
[EventDate "2010.11.06"]
[EventType "team-tourn"]
[EventRounds "11"]
[EventCountry "GER"]
[SourceTitle "EXT 2012"]
[Source "ChessBase"]
[SourceDate "2011.11.24"]
[SourceVersion "1"]
[SourceVersionDate "2011.11.24"]
[SourceQuality "1"]
[WhiteTeam "Guben (W)"]
[BlackTeam "Rodewisch (W)"]
[WhiteTeamCountry "GER"]
[BlackTeamCountry "GER"]

1. e4 c5 2. Nc3 Nc6 3. g3 g6 4. Bg2 Bg7 5. d3 d6 6. Be3 e6 7. Qd2 Rb8 8. Nge2 Nd4 9. 0-0 Ne7 10. Nd1 0-0 11. c3 Nxe2+ 12. Qxe2 b5 13. Rc1 b4 14. cxb4 Rxb4 15. Rc4 Nc6 16. a3 Rb3 17. Qc2 Qb6 18. Bc1 Ba6 19. Rc3 Bxc3 20. Nxc3 Rb8 21. Rd1 Rxb2 22. Bxb2 Qxb2 23. Qxb2 Rxb2 24. Bf1 Rb3 25. Nb1 Bb5 26. f4 Nd4 27. Kf2 Nc2 28. Nd2 Rxa3 29. Nf3 a5 30. e5 d5 31. Rc1 Ra2 32. Kg1 a4 33. Rb1 Nb4 34. d4 Bxf1 35. Kxf1 Nd3 36. dxc5 Nxc5 37. Rb8+ Kg7 38. Ra8 Nb3 39. Ke1 h6 40. Ra7 a3 41. Ra8 d4 42. Rd8 Rb2 43. Nxd4 Nxd4 44. Rxd4 a2 0-1

[Event "BL 1011 (Women)"]
[Site "Germany"]
[Date "2011.02.20"]
[Round "9.4"]
[White "Sikorska, Dorota"]
[Black "Sharevich, Anna"]
[Result "1/2-1/2"]
[WhiteElo "1929"]
[BlackElo "2283"]
[PlyCount "58"]
[EventDate "2010.11.06"]
[EventType "team-tourn"]
[EventRounds "11"]
[EventCountry "GER"]
[SourceTitle "EXT 2012"]
[Source "ChessBase"]
[SourceDate "2011.11.24"]
[SourceVersion "1"]
[SourceVersionDate "2011.11.24"]
[SourceQuality "1"]
[WhiteTeam "Guben (W)"]
[BlackTeam "Halle Volksbank (W)"]
[WhiteTeamCountry "GER"]
[BlackTeamCountry "GER"]

1. e4 c5 2. Nc3 e6 3. g3 d5 4. exd5 exd5 5. d4 Nf6 6. Bg2 Be6 7. Nf3 Nc6 8. 0-0 h6 9. Ne2 Be7 10. c3 0-0 11. dxc5 Bxc5 12. Ned4 Ne4 13. Be3 Be7 14. Qd3 Nc5 15. Qc2 Rc8 16. Rfe1 Re8 17. Rad1 Bg4 18. h3 Nxd4 19. Rxd4 Be6 20. Rdd1 Bf6 21. Bd4 Nd7 22. Bxf6 Qxf6 23. Nd4 a6 24. Re2 Ne5 25. Nxe6 fxe6 26. Rde1 Nc6 27. Qb3 Rcd8 28. Qxb7 e5 29. Qb3 Nb8 1/2-1/2

[Event "POL-chT3 2010/11"]
[Site "Wielkopolska"]
[Date "2011.01.23"]
[Round "4"]
[White "Kupsik, Joanna"]
[Black "Sikorska, Dorota"]
[Result "0-1"]
[WhiteElo "1702"]
[BlackElo "1935"]
[PlyCount "92"]
[EventDate "2010.11.28"]
[EventType "team-tourn"]
[EventRounds "11"]
[EventCountry "POL"]
[SourceTitle "EXT 2019"]
[Source "ChessBase"]
[SourceDate "2018.10.10"]
[SourceVersion "1"]
[SourceVersionDate "2018.10.10"]
[SourceQuality "1"]
[WhiteTeam "Steszew Lipno"]
[BlackTeam "Poznan Lech"]
[WhiteTeamCountry "POL"]
[BlackTeamCountry "POL"]

1. e4 d6 2. Nf3 e5 3. Bc4 Be7 4. h3 Nf6 5. d3 0-0 6. 0-0 c6 7. a4 h6 8. Be3 d5 9. exd5 cxd5 10. Ba2 Nc6 11. d4 e4 12. Ne5 Bd6 13. Nxc6 bxc6 14. Nd2 Bc7 15. c4 Qd6 16. f4 Ba6 17. Rf2 Rab8 18. Rb1 Rb4 19. Qc2 Nh5 20. b3 Ng3 21. cxd5 cxd5 22. Nf1 Bd3 23. Qc3 Ne2+ 24. Rxe2 Bxe2 25. Rc1 Rc8 26. Bd2 Rbb8 27. Qe3 Bd3 28. a5 Qa3 29. Ra1 Bxa5 30. Bxa5 Qxa5 31. Qe1 Qb6 32. Qe3 Qa6 33. b4 Bxf1 34. Rxf1 Qxa2 35. f5 f6 36. Qg3 Qd2 37. Kh1 Qxd4 38. Qd6 Re8 39. Rc1 e3 40. Qg3 Qe5 41. Qg4 e2 42. Re1 d4 43. Qf3 Qe4 44. Qb3+ Kh8 45. b5 d3 46. Qc3 Qe3 0-1

[Event "POL-chT3 2010/11"]
[Site "Wielkopolska"]
[Date "2011.01.17"]
[Round "3"]
[White "Sobierska, Wioletta"]
[Black "Sikorska, Dorota"]
[Result "1/2-1/2"]
[WhiteElo "2003"]
[BlackElo "1935"]
[PlyCount "66"]
[EventDate "2010.11.28"]
[EventType "team-tourn"]
[EventRounds "11"]
[EventCountry "POL"]
[SourceTitle "EXT 2019"]
[Source "ChessBase"]
[SourceDate "2018.10.10"]
[SourceVersion "1"]
[SourceVersionDate "2018.10.10"]
[SourceQuality "1"]
[WhiteTeam "Jarocin JKSW"]
[BlackTeam "Poznan Lech"]
[WhiteTeamCountry "POL"]
[BlackTeamCountry "POL"]

1. e4 e6 2. d4 d5 3. exd5 exd5 4. Bd3 Bd6 5. Ne2 Nf6 6. Bf4 0-0 7. 0-0 Bg4 8. f3 Bh5 9. Nbc3 c6 10. Qe1 Re8 11. Qg3 Bxf4 12. Nxf4 Bg6 13. Bxg6 hxg6 14. Nce2 Nbd7 15. b3 Qc7 16. c4 Nb6 17. Rac1 Rad8 18. Rfe1 Qe7 19. Nc3 Qb4 20. Nd3 Rxe1+ 21. Qxe1 Qf8 22. cxd5 Nbxd5 23. Nxd5 Nxd5 24. Nc5 b6 25. Ne4 Nf4 26. Rxc6 Rxd4 27. h3 Qd8 28. Kh2 f6 29. Qc1 Nd3 30. Qc3 Kh7 31. Rc8 Qd5 32. Qc7 Qd7 33. Qxd7 Rxd7 1/2-1/2

[Event "BL 1011 (Women)"]
[Site "Germany"]
[Date "2010.12.04"]
[Round "3.6"]
[White "Mertens, Pauline"]
[Black "Sikorska, Dorota"]
[Result "1/2-1/2"]
[WhiteElo "2020"]
[BlackElo "1929"]
[PlyCount "83"]
[EventDate "2010.11.06"]
[EventType "team-tourn"]
[EventRounds "11"]
[EventCountry "GER"]
[SourceTitle "EXT 2012"]
[Source "ChessBase"]
[SourceDate "2011.11.24"]
[SourceVersion "1"]
[SourceVersionDate "2011.11.24"]
[SourceQuality "1"]
[WhiteTeam "Leipzig Gohlis (W)"]
[BlackTeam "Guben (W)"]
[WhiteTeamCountry "GER"]
[BlackTeamCountry "GER"]

1. e4 e6 2. d4 d5 3. Nc3 Bb4 4. e5 c5 5. a3 Bxc3+ 6. bxc3 Qc7 7. Qg4 f5 8. Qg3 cxd4 9. cxd4 Ne7 10. c3 Nec6 11. h4 Na5 12. Ne2 Nbc6 13. Nf4 Nb3 14. Rb1 Nxc1 15. Rxc1 Nxd4 16. Nh5 Nc6 17. f4 Kf8 18. Be2 Rg8 19. 0-0 Na5 20. Rfd1 Nc4 21. Bxc4 Qxc4 22. Rd4 Qc5 23. a4 Bd7 24. Kh2 b5 25. axb5 Bxb5 26. Rb1 Rc8 27. Rc1 Be8 28. Qf3 Qa3 29. Rdd1 a5 30. Ng3 a4 31. Ne2 Qe7 32. g3 Qc5 33. Ra1 g6 34. Rdc1 Bd7 35. Nd4 Ke7 36. Qd1 Rb8 37. Rc2 a3 38. Qc1 Ra8 39. Rca2 Rgc8 40. Rxa3 Rxa3 41. Qxa3 Qxa3 42. Rxa3 1/2-1/2

[Event "POL-chT3 2010/11"]
[Site "Wielkopolska"]
[Date "2010.11.28"]
[Round "1"]
[White "Sikorska, Dorota"]
[Black "Piechota, Izabela"]
[Result "0-1"]
[WhiteElo "1935"]
[BlackElo "1756"]
[PlyCount "76"]
[EventDate "2010.11.28"]
[EventType "team-tourn"]
[EventRounds "11"]
[EventCountry "POL"]
[SourceTitle "EXT 2019"]
[Source "ChessBase"]
[SourceDate "2018.10.10"]
[SourceVersion "1"]
[SourceVersionDate "2018.10.10"]
[SourceQuality "1"]
[WhiteTeam "Poznan Lech"]
[BlackTeam "Szamotuly Baszta"]
[WhiteTeamCountry "POL"]
[BlackTeamCountry "POL"]

1. e4 e6 2. d4 d5 3. Nc3 Nf6 4. Bg5 Be7 5. e5 Nfd7 6. Bxe7 Qxe7 7. f4 a6 8. Nf3 g6 9. Bd3 c5 10. dxc5 Nxc5 11. 0-0 Nc6 12. a3 0-0 13. b4 Nxd3 14. Qxd3 Bd7 15. Rad1 Rfd8 16. Nd2 Rac8 17. Nb3 Be8 18. Rd2 Qc7 19. Rf3 Ne7 20. Rh3 Nf5 21. g4 Ng7 22. Qg3 Qe7 23. Rh6 Qf8 24. Qh4 Nh5 25. Rxh5 gxh5 26. gxh5 Qh6 27. Nd1 Bc6 28. Nd4 Kh8 29. Nf3 Rg8+ 30. Ng5 f6 31. exf6 Qxf6 32. Rg2 Qd4+ 33. Kf1 Qxd1+ 34. Kf2 Qxc2+ 35. Kg1 Qd1+ 36. Kf2 Qd2+ 37. Kf1 Bb5+ 38. Kg1 Rc1+ 0-1

[Event "POL-chT 2st League"]
[Site "Mrzezyno"]
[Date "2010.09.04"]
[Round "1.48"]
[White "Jakubiec, Edyta"]
[Black "Sikorska, Dorota"]
[Result "1-0"]
[WhiteElo "2200"]
[BlackElo "1929"]
[PlyCount "79"]
[EventDate "2010.09.04"]
[EventType "team-swiss"]
[EventRounds "9"]
[EventCountry "POL"]
[SourceTitle "EXT 2019"]
[Source "ChessBase"]
[SourceDate "2018.10.10"]
[SourceVersion "1"]
[SourceVersionDate "2018.10.10"]
[SourceQuality "1"]
[WhiteTeam "Krakow TKKF Drogowiec"]
[BlackTeam "Poznan Lech"]
[WhiteTeamCountry "POL"]
[BlackTeamCountry "POL"]

1. e4 e6 2. d4 d5 3. Nd2 Nf6 4. e5 Nfd7 5. f4 c5 6. c3 Nc6 7. Ndf3 cxd4 8. cxd4 f6 9. a3 Be7 10. Bd3 Qb6 11. Ne2 Na5 12. b4 Nc4 13. Bxc4 dxc4 14. Nc3 a5 15. b5 Qc7 16. f5 exf5 17. e6 Nf8 18. d5 Ng6 19. 0-0 0-0 20. Qc2 Bc5+ 21. Kh1 Ne7 22. Qe2 Bd6 23. Rd1 Rd8 24. Rd4 b6 25. Rxc4 Qb8 26. Be3 Bc7 27. Rd1 Bb7 28. Rcd4 Bd6 29. R4d3 Bc7 30. Qa2 f4 31. Bf2 Kh8 32. Qd2 Nf5 33. Ne4 Nd6 34. Nxd6 Rxd6 35. Nh4 g6 36. Bd4 Qf8 37. Qxf4 Kg7 38. Bb2 Rc8 39. Qg5 Rcd8 40. e7 1-0

[Event "Rewal op-B 14th"]
[Site "Rewal"]
[Date "2009.08.28"]
[Round "8"]
[White "Sikorska, Dorota"]
[Black "Galaszewski, Patryk"]
[Result "1-0"]
[WhiteElo "1884"]
[BlackElo "1788"]
[PlyCount "57"]
[EventDate "2009.08.20"]
[EventType "swiss"]
[EventRounds "9"]
[EventCountry "POL"]
[SourceTitle "EXT 2011"]
[Source "ChessBase"]
[SourceDate "2010.11.26"]
[SourceVersion "1"]
[SourceVersionDate "2010.11.26"]
[SourceQuality "1"]

1. e4 g6 2. d4 Bg7 3. c4 d6 4. Nc3 Nf6 5. Bd3 0-0 6. Nge2 e5 7. d5 Ne8 8. h4 h5 9. Bg5 f6 10. Be3 f5 11. Bg5 Bf6 12. Bxf6 Qxf6 13. Qd2 f4 14. f3 Na6 15. 0-0-0 Nc5 16. Bc2 a6 17. Kb1 Rb8 18. Rdg1 b5 19. cxb5 axb5 20. Nd1 b4 21. b3 Ba6 22. g4 Kh7 23. gxh5 gxh5 24. Rg5 Qh6 25. Rhg1 Nf6 26. Nxf4 Nfxe4 27. Rxh5 Rxf4 28. Qg2 Rf6 29. Qg7# 1-0

[Event "Rewal op-B 14th"]
[Site "Rewal"]
[Date "2009.08.27"]
[Round "7"]
[White "Mockun, Dawid"]
[Black "Sikorska, Dorota"]
[Result "0-1"]
[WhiteElo "1627"]
[BlackElo "1884"]
[PlyCount "100"]
[EventDate "2009.08.20"]
[EventType "swiss"]
[EventRounds "9"]
[EventCountry "POL"]
[SourceTitle "EXT 2011"]
[Source "ChessBase"]
[SourceDate "2010.11.26"]
[SourceVersion "1"]
[SourceVersionDate "2010.11.26"]
[SourceQuality "1"]

1. d4 d6 2. e3 g6 3. g3 Bg7 4. Bg2 Nd7 5. Ne2 e5 6. c3 f5 7. Qb3 c6 8. 0-0 Nb6 9. a4 Qe7 10. a5 Be6 11. Qc2 Nd7 12. b4 a6 13. Ba3 e4 14. Nd2 g5 15. f3 exf3 16. Bxf3 Ngf6 17. c4 0-0 18. Bb2 Ng4 19. Qd3 Ndf6 20. e4 fxe4 21. Nxe4 Nxe4 22. Qxe4 d5 23. cxd5 cxd5 24. Qd3 Qd7 25. Rac1 Rf7 26. Bg2 Re8 27. Rxf7 Qxf7 28. Rf1 Qh5 29. h3 Nf6 30. Qf3 g4 31. Qf2 gxh3 32. Nf4 hxg2 33. Nxh5 gxf1Q+ 34. Qxf1 Nxh5 35. Qf3 Nf6 36. Qb3 Bg4 37. Qc3 Re2 38. Kf1 Ne4 39. Qc7 Nd2+ 40. Kg1 Nf3+ 41. Kf1 Rxb2 42. Qd8+ Bf8 43. Qxd5+ Kh8 44. Qxf3 Bxf3 45. g4 Bxb4 46. g5 Bc3 47. d5 Bxd5 48. g6 Bc4+ 49. Kg1 Bd4+ 50. Kh1 Bd5# 0-1

[Event "Poznan op-B 18th"]
[Site "Poznan"]
[Date "2009.07.25"]
[Round "7"]
[White "Hemmerling, Jaroslaw"]
[Black "Sikorska, Dorota"]
[Result "1-0"]
[WhiteElo "1927"]
[BlackElo "1884"]
[PlyCount "71"]
[EventDate "2009.07.19"]
[EventType "swiss"]
[EventRounds "9"]
[EventCountry "POL"]
[SourceTitle "EXT 2011"]
[Source "ChessBase"]
[SourceDate "2010.11.26"]
[SourceVersion "1"]
[SourceVersionDate "2010.11.26"]
[SourceQuality "1"]

1. e4 e6 2. Qe2 Ne7 3. f4 g6 4. Nf3 Bg7 5. g3 d5 6. d3 c5 7. Bg2 Nbc6 8. c3 Rb8 9. Na3 b5 10. Nc2 a5 11. Be3 c4 12. 0-0 0-0 13. Rad1 Qc7 14. e5 Ba6 15. b4 axb4 16. cxb4 Nc8 17. Bc5 Rd8 18. d4 Nb6 19. Bd6 Rxd6 20. exd6 Qxd6 21. a3 Na4 22. Qe3 Ne7 23. g4 Nc8 24. f5 Ncb6 25. fxe6 fxe6 26. Rde1 Re8 27. Ng5 Bc8 28. Qh3 h6 29. Nf7 Qe7 30. Nxh6+ Bxh6 31. Qxh6 Qg7 32. Qg5 Nc3 33. Rf6 Kh7 34. Ref1 Re7 35. R1f3 Ne2+ 36. Kf2 1-0

[Event "Poznan op-B 18th"]
[Site "Poznan"]
[Date "2009.07.24"]
[Round "6"]
[White "Sikorska, Dorota"]
[Black "Jedrzejewski, Kamil"]
[Result "1-0"]
[WhiteElo "1884"]
[BlackElo "1998"]
[PlyCount "117"]
[EventDate "2009.07.19"]
[EventType "swiss"]
[EventRounds "9"]
[EventCountry "POL"]
[SourceTitle "EXT 2011"]
[Source "ChessBase"]
[SourceDate "2010.11.26"]
[SourceVersion "1"]
[SourceVersionDate "2010.11.26"]
[SourceQuality "1"]

1. e4 c5 2. Ne2 Nc6 3. g3 e6 4. Bg2 d5 5. exd5 exd5 6. d4 Be6 7. 0-0 Nf6 8. c3 cxd4 9. Nxd4 Nxd4 10. Qxd4 Be7 11. Nd2 0-0 12. Nb3 Qc8 13. Bd2 Rd8 14. Rfe1 Ne4 15. Be3 Bf6 16. Qd1 Nd6 17. Nd4 Bg4 18. Bf3 Bxf3 19. Qxf3 Nc4 20. Nf5 Ne5 21. Qh5 g6 22. Ne7+ Kh8 23. Qxe5 Bxe5 24. Nxc8 Rdxc8 25. Rad1 Rd8 26. Bc5 Bg7 27. Re7 b6 28. Bd4 Bxd4 29. Rxd4 f6 30. Rf7 f5 31. Re7 Re8 32. Rxe8+ Rxe8 33. Rxd5 Re2 34. Rb5 Kg7 35. Kg2 Kf6 36. a4 Rc2 37. a5 bxa5 38. Rxa5 Rxb2 39. Rxa7 Rc2 40. Rc7 h5 41. h4 Ra2 42. Rc6+ Kf7 43. Kf3 Rc2 44. c4 Kg7 45. c5 Rc4 46. Ke3 Rc3+ 47. Kd4 Rf3 48. Re6 Rxf2 49. c6 Kf7 50. Re3 f4 51. gxf4 Rxf4+ 52. Kd5 Rf1 53. c7 Rd1+ 54. Kc6 Rc1+ 55. Kd7 Rd1+ 56. Kc8 Rc1 57. Rb3 Ke7 58. Kb7 Kd7 59. Rd3+ 1-0

[Event "Poznan op-B 18th"]
[Site "Poznan"]
[Date "2009.07.22"]
[Round "5"]
[White "Sikorska, Dorota"]
[Black "Warchol, Maria"]
[Result "1-0"]
[WhiteElo "1884"]
[BlackElo "1834"]
[PlyCount "117"]
[EventDate "2009.07.19"]
[EventType "swiss"]
[EventRounds "9"]
[EventCountry "POL"]
[SourceTitle "EXT 2011"]
[Source "ChessBase"]
[SourceDate "2010.11.26"]
[SourceVersion "1"]
[SourceVersionDate "2010.11.26"]
[SourceQuality "1"]

1. Nf3 d5 2. g3 Bf5 3. Bg2 Nf6 4. d3 Nc6 5. Nbd2 e5 6. Nh4 Bg6 7. Nxg6 hxg6 8. c4 d4 9. a3 a6 10. b4 Rb8 11. b5 axb5 12. cxb5 Ne7 13. Nc4 Nd7 14. Qc2 b6 15. Bc6 f6 16. Bg2 Nc5 17. Bd2 Nd5 18. a4 Nb7 19. Nxe5 fxe5 20. Qc6+ Qd7 21. Bxd5 Qxc6 22. Bxc6+ Kf7 23. 0-0 Nc5 24. a5 bxa5 25. Bxa5 Bd6 26. Rfc1 Ne6 27. Rab1 Ke7 28. Bd5 Rhc8 29. Be4 g5 30. Bb4 Rxb5 31. Bxd6+ cxd6 32. Rxb5 Rxc1+ 33. Kg2 Nc5 34. Bf3 Rc2 35. Rb8 Rd2 36. Rg8 d5 37. Rxg7+ Kf6 38. Rc7 Na4 39. Rc6+ Ke7 40. Bg4 e4 41. dxe4 dxe4 42. Re6+ Kf7 43. Rxe4 Nc3 44. Re5 Kf6 45. Re8 d3 46. exd3 Rxd3 47. Rf8+ Kg7 48. Rf5 Rd5 49. Rxd5 Nxd5 50. Be6 Nf6 51. g4 Kh6 52. Bf5 Kg7 53. Kg3 Nd5 54. h4 gxh4+ 55. Kxh4 Nf4 56. g5 Nd5 57. Kg3 Nc7 58. f4 Ne8 59. Kg4 1-0